000 00274nam a2200109Ia 4500
008 190216s9999||||xx |||||||||||||| ||und||
100 _aSankara Prasad Roy
245 0 _aAdvanced Costing Problems
260 _bIcwa London Research Publications
300 _a232p
942 _cBK
999 _c4452
_d4452